000 00764nam a2200241 a 4500
001 11359
003 BD-RjUL
005 20211208235118.0
008 140126r19631957nyua b 001 0 eng d
035 _a(BD-RjUL)11408
040 _aBD-RjUL
_beng
_cBD-RjUL
_dBD-RjUL
041 _aeng
082 0 0 _a541.224
_bWAF 1963
100 1 _aWalling, Cheves,
_d1916-
_935116
245 1 0 _aFree radicals in solution /
_cCheves Walling.
260 _aNew York ;
_aLondon :
_bWiley,
_cc1957 [Printing 1963].
300 _axii, 631 p. :
_bill. ;
_c24 cm.
500 _aFirst published: New York : Wiley, 1957.
500 _aIncludes bibliographical references and index.
650 0 _aRadicals (Chemistry).
_935117
650 0 _aSolution (Chemistry).
_935118
942 _2ddc
_cBK
999 _c11359
_d11359